Państwa w Europie posiadające własne waluty - Statystyki

Ogólne statystyki
  • Ten quiz został rozwiązany 185 razy
  • Średni wynik to 16 z 24
Statystyki odpowiedzi
Odpowiedź % Poprawnych
Polska
99%
Norwegia
91%
Szwecja
91%
Czechy
90%
Ukraina
88%
Wielka Brytania
88%
Białoruś
87%
Bułgaria
85%
Albania
84%
Rumunia
84%
Serbia
84%
Węgry
83%
Bośnia i Hercegowina
82%
Dania
82%
Szwajcaria
82%
Islandia
79%
Mołdawia
79%
Macedonia Północna
77%
Wyspy Owcze
19%
Gibraltar
18%
Naddniestrze
9%
Wyspa Man
8%
Jersey
5%
Guernsey
4%
Nie znaleziono quizów pasujących do podanych kryteriów
Rozkład punktacji
Procent ludzi z każdym wynikiem
Percentyl według liczby udzielonych odpowiedzi
Twoja historia wyników
Nie rozwiązałeś tego quizu